000 00560nam a22001817a 4500
999 _c159709
_d159709
005 20190102124633.0
010 _aENG-124621
020 _a8185883599
_c150.00
035 _aEN-108153
037 _bDBAD/PUB
082 _a181.45
100 _aJyotirmayananda
245 _aYoga of perfection:
_cby Jyotirmayananda
_bsrimad bhagavad gita/
260 _aGhaziabad (U.P.)
_bInternational Yoga Society
_c2012
270 _aLal Bagh, Loni
_bGhaziabad (U.P.)
_e201102
300 _a247p.
_bill. pic.
_c21cm (pbk)
942 _2ddc
_cEN
_h181.45
_mJYO